| 000 | 01348cam a2200133 4500500 | ||
|---|---|---|---|
| 005 | 20251012000702.0 | ||
| 041 | _afre | ||
| 042 | _adc | ||
| 100 | 1 | 0 |
_aPicq, Jean _eauthor |
| 245 | 0 | 0 | _aLa Liberté de religion dans la République : L’esprit de laïcité |
| 260 |
_bOdile Jacob,
_c2014. |
||
| 520 | _aComment concilier l’exigence de neutralité, que la laïcité impose à l’État, et le besoin légitime qu’éprouvent les croyants d’exprimer leurs convictions religieuses, y compris dans l’espace public ? La religion peut-elle rester circonscrite au for intérieur,comme le veut une tradition républicaine française défensive, voire méfiante, à l’égard de l’expression religieuse ? Une conception plus souple de la laïcité ne risque-t-elle pas de faire le lit des passions religieuses, de plus en plus souvent instrumentalisées à des fins politiques ? Face à ces questions sensibles entre toutes, Jean Picq va puiser chez les philosophes politiques - de Spinoza à Claude Lefort, de Paul Ricoeur à Marcel Gauchet -, pour défendre une laïcité plurielle et ouverte. Il montre qu’elle est fondamentalement un art de vivre ensemble. Encore et toujours à construire... | ||
| 856 | 4 | 1 | _uhttps://shs.cairn.info/la-liberte-de-religion-dans-la-republique--9782738131249?lang=fr&redirect-ssocas=7080 |
| 999 |
_c1511703 _d1511703 |
||